Statistiques concernant Champions de la liga

Cliquez ici pour prendre le quiz!

Statistiques générales

  • Ce quiz a été pris 768 fois
  • Le résultat moyen est 84 sur 91

Statistiques - réponses

HintRéponse% Correct
1963Real Madrid
100%
1962Real Madrid
100%
1955Real Madrid
100%
1978Real Madrid
100%
1957Real Madrid
100%
1958Real Madrid
100%
2003Real Madrid
100%
1976Real Madrid
100%
1961Real Madrid
100%
1995Real Madrid
100%
1979Real Madrid
100%
1964Real Madrid
100%
1965Real Madrid
100%
2008Real Madrid
100%
1967Real Madrid
100%
1968Real Madrid
100%
1969Real Madrid
100%
2007Real Madrid
100%
1975Real Madrid
100%
1954Real Madrid
100%
1980Real Madrid
100%
1972Real Madrid
100%
1989Real Madrid
100%
2022Real Madrid
100%
1932Real Madrid
100%
1933Real Madrid
100%
2020Real Madrid
100%
2017Real Madrid
100%
2001Real Madrid
100%
1990Real Madrid
100%
1987Real Madrid
100%
1986Real Madrid
100%
2012Real Madrid
100%
1997Real Madrid
100%
1985FC Barcelone
99%
1991FC Barcelone
99%
1992FC Barcelone
99%
1993FC Barcelone
99%
1998FC Barcelone
99%
1999FC Barcelone
99%
1974FC Barcelone
99%
1929FC Barcelone
99%
2005FC Barcelone
99%
2006FC Barcelone
99%
2019FC Barcelone
99%
2018FC Barcelone
99%
2016FC Barcelone
99%
2015FC Barcelone
99%
1945FC Barcelone
99%
2013FC Barcelone
99%
1948FC Barcelone
99%
1949FC Barcelone
99%
2011FC Barcelone
99%
2010FC Barcelone
99%
1952FC Barcelone
99%
1953FC Barcelone
99%
2009FC Barcelone
99%
1959FC Barcelone
99%
1960FC Barcelone
99%
1994FC Barcelone
99%
2014Atletico Madrid
97%
2021Atletico Madrid
97%
1977Atletico Madrid
97%
1996Atletico Madrid
97%
1973Atletico Madrid
97%
1950Atletico Madrid
97%
1984Atletico Madrid
97%
1966Atletico Madrid
97%
1970Atletico Madrid
97%
1951Atletico Madrid
97%
1983Atletico Madrid
97%
2023( Barcelone )
88%
1946FC Séville
88%
1935Bétis Seville
87%
1971Valence CF
82%
1942Valence CF
82%
2002Valence CF
82%
1947Valence CF
82%
2004Valence CF
82%
1944Valence CF
82%
1931Athletic Bilbao
66%
1934Athletic Bilbao
66%
1936Athletic Bilbao
66%
1943Athletic Bilbao
66%
1930Athletic Bilbao
66%
1956Athletic Bilbao
66%
1981Real Sociedad
65%
1982Real Sociedad
65%
2000Deportivo La Corogne
47%
1941Atletico Aviacion
3%
1940Atletico Aviacion
3%

Distribution des résultats

Percentile par nombre de réponses

% des personnes avec chaque résultat

Votre développement - résultats

Vous n’avez pas pris ce quiz